000 02414cam a2200313 4500500
005 20260111113219.0
041 _afre
042 _adc
100 1 0 _aMandard, Matthieu
_eauthor
245 0 0 _aLes usages du brevet : vers une définition du brevet comme mécanisme de gouvernance des activités d’innovation des organisations
260 _c2018.
500 _a39
520 _aL’objectif de cet article est de proposer un cadre analytique qui répertorie les usages du brevet. Pour ce faire, nous proposons de remettre en question la définition traditionnelle du brevet comme mécanisme de protection des innovations pour le définir plus largement comme un mécanisme de gouvernance des activités d’innovation des organisations, et ce au niveau intra- comme inter-organisationnel. Nous montrons ainsi que le brevet a quatre principaux usages – indicateur d’activité, outil de motivation, vecteur de réputation et mécanisme de protection – dont nous présentons les modalités de mise en œuvre ainsi que les limites. Nous discutons finalement les implications scientifiques et managériales de ce cadre d’analyse. CODES JEL : L20, O32
520 _aThe objective of this paper is to develop a framework that comprehensively elicits the uses of patents. To do so, we start by challenging the traditional definition of patents as a mechanism of protection of innovations by defining them more broadly as a mechanism of governance of organizations’ innovative activities, both at the intra- and at the inter-organizational level. We thus show that patents have four main uses: a performance indicator, a motivation device, a reputation vector, and a protection instrument. We then detail the concrete implementation of these uses as well as their limitations. We finally discuss the scientific and managerial implications of this framework. JEL CODES: L20, O32
690 _abrevet
690 _agouvernance
690 _ainnovation
690 _amotivation
690 _apropriété intellectuelle
690 _aréputation
690 _agovernance
690 _ainnovation
690 _aintellectual property
690 _amotivation
690 _apatents
690 _areputation
786 0 _nInnovations | 57 | 3 | 2018-09-17 | p. 165-187 | 1267-4982
856 4 1 _uhttps://shs.cairn.info/revue-innovations-2018-3-page-165?lang=fr&redirect-ssocas=7080
999 _c1632649
_d1632649